Solid state physics in electronics and telecommunications : (Record no. 15628)
[ view plain ]
| 000 -LEADER | |
|---|---|
| fixed length control field | 00984cam a22002651 4500 |
| 001 - CONTROL NUMBER | |
| control field | 15628 |
| 003 - CONTROL NUMBER IDENTIFIER | |
| rucl marc code | BD-RjUL |
| 005 - DATE AND TIME OF LATEST TRANSACTION | |
| control field | 20211208235846.0 |
| 008 - FIXED-LENGTH DATA ELEMENTS--GENERAL INFORMATION | |
| fixed length control field | 140210s1960 enka b 100 0 eng |
| 035 ## - SYSTEM CONTROL NUMBER | |
| System control number | (BD-RjUL)15683 |
| 040 ## - CATALOGING SOURCE | |
| Original cataloging agency | DLC/ICU |
| Transcribing agency | BD-RjUL |
| Modifying agency | BD-RjUL |
| Language of cataloging | eng |
| 041 ## - LANGUAGE CODE | |
| Language code of text/sound track or separate title | eng |
| 082 00 - DEWEY DECIMAL CLASSIFICATION NUMBER | |
| Classification number | 621.38 |
| Author mark and year | SOI 1960 |
| Edition number | 23 |
| 245 10 - TITLE STATEMENT | |
| Title | Solid state physics in electronics and telecommunications : |
| Remainder of title | proceedings of an international conference held in Brussels, June 2-7, 1958 / |
| Statement of responsibility, etc. | Edited by M. Désirant [and] J.L. Michiels. |
| 260 ## - PUBLICATION, DISTRIBUTION, ETC. (IMPRINT) | |
| Place of publication, distribution, etc. | London, |
| -- | New York : |
| Name of publisher, distributor, etc. | Academic Press, |
| Date of publication, distribution, etc. | 1960 |
| 300 ## - PHYSICAL DESCRIPTION | |
| Pagination | v. : |
| Illustrations | ill. ; |
| Size | 26 cm. |
| 504 ## - BIBLIOGRAPHY, ETC. NOTE | |
| Bibliography, etc | Includes bibliographies. |
| 505 ## - FORMATTED CONTENTS NOTE | |
| Formatted contents note | Vol. 1 -- V. 2 -- 3. -- V. 4-- |
| 650 #0 - SUBJECT ADDED ENTRY--TOPICAL TERM | |
| Topical term or geographic name as entry element | Electronics |
| General subdivision | Congresses. |
| 9 (RLIN) | 48521 |
| Topical term or geographic name as entry element | Telecommunication |
| General subdivision | Congresses. |
| 9 (RLIN) | 26968 |
| Topical term or geographic name as entry element | Solid state physics |
| General subdivision | Congresses. |
| 9 (RLIN) | 48522 |
| 700 1# - ADDED ENTRY--PERSONAL NAME | |
| Personal name | Désirant, M., |
| Relator term | ed. |
| Personal name | Michiels, J. L. |
| Fuller form of name | (John Louis), |
| Dates associated with a name | 1915- |
| Relator term | ed. |
| 942 ## - ADDED ENTRY ELEMENTS (KOHA) | |
| Source of classification or shelving scheme | Dewey Decimal Classification |
| Koha item type | Books |
| Lost status | Source of classification or shelving scheme | Damaged status | Not for loan | Collection code | Permanent Location | Current Location | Shelving location | Date acquired | Source of acquisition | Cost, normal purchase price | Total Checkouts | Full call number | Date last seen | Copy number | Koha item type |
|---|---|---|---|---|---|---|---|---|---|---|---|---|---|---|---|
| Dewey Decimal Classification | Not For Loan | Non-fiction | Central Library, University of Rajshahi | Central Library, University of Rajshahi | Reading Room | 18/12/1963 | Zeithinger | 128.00 | 621.38 SOI V-1 1960 | 10/02/2014 | C-1 | Books | |||
| Dewey Decimal Classification | Not For Loan | Non-fiction | Central Library, University of Rajshahi | Central Library, University of Rajshahi | Reading Room | 18/12/1963 | Zeithinger | 128.00 | 621.38 SOI V-3 1960 | 27/05/2017 | C-1 | Books | |||
| Dewey Decimal Classification | Not For Loan | Non-fiction | Central Library, University of Rajshahi | Central Library, University of Rajshahi | Reading Room | 18/12/1963 | Zeithinger | 128.00 | 621.38 SOI V-4 1960 | 27/05/2017 | C-1 | Books | |||
| Dewey Decimal Classification | Not For Loan | Non-fiction | Central Library, University of Rajshahi | Central Library, University of Rajshahi | Reading Room | 18/12/1963 | Zeithinger | 128.00 | 621.38 SOI V-2 1960 | 27/05/2017 | C-1 | Books |